| 000 | 01027cam a22002531i 4500 | ||
|---|---|---|---|
| 003 | SA-RiAUC | ||
| 005 | 20250127065122.0 | ||
| 008 | 250126s1967 ||| g 000 0cara c | ||
| 040 |
_aSA-JeALM _bara _cSA-RiAUC _erda |
||
| 082 | 0 | 4 |
_a920.0468 _qSA-RiAUC |
| 090 |
_a920.0468 _bا ب ن ع |
||
| 100 | 1 |
_aابن عميرة، أحمد بن يحيى بن أحمد، _dتوفي 599 هجري _eمؤلف. |
|
| 245 | 1 | 0 |
_aبغية الملتمس في تاريخ رجال أهل الأندلس / _cالضبي أحمد بن يحيى بن أحمد بن عميرة. |
| 264 | 1 |
_aالقاهرة : _bدار الكاتب العربي، _c1967 |
|
| 300 |
_a547 صفحة ؛ _c24 سم. |
||
| 336 |
_aنص _btxt _2rdacontent _3كتاب |
||
| 337 |
_aبدون وسيط _bn _2rdamedia |
||
| 338 |
_aمجلد _bnc _2rdacarrier |
||
| 490 | 1 |
_aالمكتبة الأندلسية ؛ _v6 |
|
| 651 | 7 |
_aالأندلس _vتراجم _2aucsh |
|
| 651 | 7 |
_aالأندلس _xتاريخ _2aucsh |
|
| 942 |
_2ddc _cBOOK _n0 |
||
| 949 |
_aSA-JeALM _d250126 _uosman123 _n1 |
||
| 999 |
_c5295 _d5295 |
||